000 00564nam a2200181Ia 4500
003 OSt
005 20240322115044.0
008 210210b1948 xxu||||| |||| 00| 0 eng d
040 _cAL
041 _akan
082 _a854/203
100 _aMAHAMMAD ABBAS FUSTRI ಮೊಹಮ್ಮದ್ ಅಬ್ಬಾಸ್ ಫೂಸ್ತ್ರಿ
_9146577
245 _aIslam samskrati:
_bಇಸ್ಲಾಂ ಸಂಸ್ಕ್ರತಿ
260 _aMaisuru
_bMaisuru Vishvavidyanilaya
_c1948
690 _aKannada Criticism
_9146578
906 _a020053
942 _2ddc
_cBK
999 _c144205
_d144205